Nano : the emerging science of nanotechnology (Record no. 8221)
[ view plain ]
| 000 -LEADER | |
|---|---|
| fixed length control field | 00421nam a2200157Ia 4500 |
| 005 - DATE AND TIME OF LATEST TRANSACTION | |
| control field | 20260622124710.0 |
| 008 - FIXED-LENGTH DATA ELEMENTS--GENERAL INFORMATION | |
| fixed length control field | 170106s1995||||xx |||||||||||||| ||und|| |
| 020 ## - INTERNATIONAL STANDARD BOOK NUMBER | |
| International Standard Book Number | 0316738581 |
| Qualifying information | pbk |
| 020 ## - INTERNATIONAL STANDARD BOOK NUMBER | |
| International Standard Book Number | 9780316738521 |
| Qualifying information | pbk |
| 082 ## - DEWEY DECIMAL CLASSIFICATION NUMBER | |
| Classification number | 620.4 |
| Item number | REG |
| 100 ## - MAIN ENTRY--PERSONAL NAME | |
| Personal name | Regis, Ed |
| 245 #0 - TITLE STATEMENT | |
| Title | Nano : the emerging science of nanotechnology |
| 260 ## - PUBLICATION, DISTRIBUTION, ETC. | |
| Place of publication, distribution, etc. | Boston |
| Name of publisher, distributor, etc. | Little, Brown and Company |
| Date of publication, distribution, etc. | 1995 |
| 650 ## - SUBJECT ADDED ENTRY--TOPICAL TERM | |
| Topical term or geographic name entry element | Physics |
| 942 ## - ADDED ENTRY ELEMENTS (KOHA) | |
| Koha item type | Book |
| Source of classification or shelving scheme | Dewey Decimal Classification |
| Withdrawn status | Lost status | Source of classification or shelving scheme | Damaged status | Not for loan | Collection code | Home library | Current library | Shelving location | Date acquired | Source of acquisition | Full call number | Barcode | Date last seen | Price effective from | Koha item type | Total Checkouts | Total Renewals | Date last checked out |
|---|---|---|---|---|---|---|---|---|---|---|---|---|---|---|---|---|---|---|
| Dewey Decimal Classification | Not For Loan | Text/Reserve Book | LRC, IIT Indore | LRC, IIT Indore | 2nd Floor - Textbook Reserve | 06/01/2017 | PO No. 25 ; Vendor: Ashish Books M. S., New Delhi ; Bill No. 2860, dt.11.05.2011; Price: USD 19.99 | 620.4 REG | 8221 | 06/01/2017 | 06/01/2017 | Text/Reserve Book | ||||||
| Dewey Decimal Classification | LRC, IIT Indore | LRC, IIT Indore | 2nd Floor - General Stack | 06/01/2017 | PO No. 25 ; Vendor: Ashish Books M. S., New Delhi ; Bill No. 2860, dt.11.05.2011; Price: USD 19.99 | 620.4 REG | 8222 | 06/01/2017 | 06/01/2017 | Book | ||||||||
| LRC, IIT Indore | LRC, IIT Indore | 2nd Floor - General Stack | 06/01/2017 | PO No. 25 ; Vendor: Ashish Books M. S., New Delhi ; Bill No. 2860, dt.11.05.2011; Price: USD 19.99 | 620.4 REG | 8223 | 18/07/2020 | 06/01/2017 | Book | 2 | 1 | 08/06/2020 | ||||||
| LRC, IIT Indore | LRC, IIT Indore | 2nd Floor - General Stack | 06/01/2017 | PO No. 25 ; Vendor: Ashish Books M. S., New Delhi ; Bill No. 2860, dt.11.05.2011; Price: USD 19.99 | 620.4 REG | 8224 | 06/01/2017 | 06/01/2017 | Book | |||||||||
| LRC, IIT Indore | LRC, IIT Indore | 2nd Floor - General Stack | 06/01/2017 | PO No. 25 ; Vendor: Ashish Books M. S., New Delhi ; Bill No. 2860, dt.11.05.2011; Price: USD 19.99 | 620.4 REG | 8225 | 25/04/2018 | 06/01/2017 | Book | 1 | 26/10/2017 |
